Dalla città alla regione #2 - Statistics

Statistiche generali
  • Questo quiz è stato fatto 145 volte
  • Il punteggio medio è 18 su 20
Statistiche sulle risposte
Hint Risposta % Corretto
Trento Trentino-Alto Adige
100%
Aosta Valle d'Aosta
99%
Latina Lazio
98%
Salerno Campania
97%
Brindisi Puglia
96%
La Spezia Liguria
93%
Nuoro Sardegna
92%
Matera Basilicata
90%
Campobasso Molise
90%
Messina Sicilia
90%
Arezzo Toscana
90%
Crotone Calabria
89%
Ferrara Emilia-Romagna
89%
Vicenza Veneto
89%
Asti Piemonte
88%
Sondrio Lombardia
85%
Teramo Abruzzo
83%
Pordenone Friuli-Venezia Giulia
83%
Terni Umbria
81%
Urbino Marche
80%
Nessun quiz corrispondente trovato
Distribuzione punteggi
Percentuale di utenti per punteggio
Percentile per numero di risposta
I tuoi punteggi nel tempo
Non hai fatto questo quiz